000 00250nam a2200121Ia 4500
008 240624s9999 xx 000 0 und d
041 _aeng
082 _a658.8 RIE
100 _aRIES AL
245 _aMARKETING WARFARE
260 _c1986
365 _c
999 _c24378
_d24378